000 00752nam a2200265 i 4500
001 C2-0090551
003 PPAK
005 20180727092110.0
008 970507s1995 my a|||| ||||| | may d
020 _a9679712532
040 _aPPAK
_beng
_cPPAK
_erda
082 0 4 _a499.2386
_223
090 0 0 _a499.2386
_bOTH
_dK
100 0 _aOthman Ahmad,
_eauthor
245 1 0 _aPelanduk dengan harimau
264 1 _aPetaling Jaya, Selangor :
_bHasrat Murni ,
_c1995
300 _a28 pages :
_billustrations ;
_c18 cm
336 _2rdacontent
_atext
337 _2rdamedia
_aunmediated
338 _2rdacarrier
_avolume
490 1 _aSiri bacaan tambahan
650 1 0 _aBahasa Melayu - Readers - Fiction
830 0 _aSiri bacaan tambahan
942 _ddc
_cB
999 _c19003
_d19003